<?xml version="1.0" encoding="UTF-8"?><?xml-stylesheet type="text/xsl" href="static/style.xsl"?><OAI-PMH xmlns="http://www.openarchives.org/OAI/2.0/" xmlns:xsi="http://www.w3.org/2001/XMLSchema-instance" xsi:schemaLocation="http://www.openarchives.org/OAI/2.0/ http://www.openarchives.org/OAI/2.0/OAI-PMH.xsd"><responseDate>2026-04-13T02:18:10Z</responseDate><request verb="GetRecord" identifier="oai:www.recercat.cat:2099.1/12187" metadataPrefix="marc">https://recercat.cat/oai/request</request><GetRecord><record><header><identifier>oai:recercat.cat:2099.1/12187</identifier><datestamp>2025-07-23T06:26:58Z</datestamp><setSpec>com_2072_1033</setSpec><setSpec>col_2072_452951</setSpec></header><metadata><record xmlns="http://www.loc.gov/MARC21/slim" xmlns:dcterms="http://purl.org/dc/terms/" xmlns:xsi="http://www.w3.org/2001/XMLSchema-instance" xmlns:doc="http://www.lyncode.com/xoai" xsi:schemaLocation="http://www.loc.gov/MARC21/slim http://www.loc.gov/standards/marcxml/schema/MARC21slim.xsd">
   <leader>00925njm 22002777a 4500</leader>
   <datafield ind2=" " ind1=" " tag="042">
      <subfield code="a">dc</subfield>
   </datafield>
   <datafield ind2=" " ind1=" " tag="720">
      <subfield code="a">Girón Torres, Mauricio</subfield>
      <subfield code="e">author</subfield>
   </datafield>
   <datafield ind2=" " ind1=" " tag="260">
      <subfield code="c">2011-02</subfield>
   </datafield>
   <datafield ind2=" " ind1=" " tag="520">
      <subfield code="a">El present Projecte té la finalitat de urbanitzar de la Plaça de Dalt i el seu entorn i el carrer del&#xd;
Morrot, així com definir i valorar els obres necessàries per desenvolupar una part del barri de Can&#xd;
Clos.&#xd;
La decisió de desenvolupar aquests i no Altres, ve donat a que són espais que per les seves&#xd;
particularitats de degradació, permeten donar resposta a Els problemes mes Estructurals del barri&#xd;
(millora espai públic, vialitat, aparcament, sanejament ,...) com a model a seguir per a la resta del&#xd;
barri.</subfield>
   </datafield>
   <datafield tag="653" ind2=" " ind1=" ">
      <subfield code="a">Àrees temàtiques de la UPC::Urbanisme::Projecte urbà</subfield>
   </datafield>
   <datafield tag="653" ind2=" " ind1=" ">
      <subfield code="a">Urban renewal</subfield>
   </datafield>
   <datafield tag="653" ind2=" " ind1=" ">
      <subfield code="a">Urbanització -- Catalunya -- Barcelona -- PFG</subfield>
   </datafield>
   <datafield ind2="0" ind1="0" tag="245">
      <subfield code="a">Projecte d'urbanització del Carrer del Morrot de Can Clos i la Plaça de Dalt i els voltants del Barri de Can Clos, districte de Sants-Montjuïc</subfield>
   </datafield>
</record></metadata></record></GetRecord></OAI-PMH>